• 首页
  • 本馆介绍
  • 公告通知
  • 最新文献
  • 馆藏检索
  • 电子资源
  • 读者导购
  • 参考咨询
  • 我的图书馆
  • 登录
  • 详细信息显示
  • 放入我的书架
  • 预约/预借图书
  • 作者相关作品
  • 分类相关作品
  • 丛书相关作品
  • 出版社相关作品

书目信息

  • 表格格式
  • 工作单格式
  • 卡片格式
题名:
苦难的历程
    
 
作者: 托尔斯泰 , Толстой 著 ;朱雯 译
分册: 第一部   两姊妹
出版信息: 北京   人民文学出版社  1957
页数: 358页
开本: 20cm
丛书名:
单 册:
中图分类: I512.45
科图分类:
主题词: 长篇小说-三部曲(作品)--苏联--现代 , 三部曲(作品)-长篇小说--苏联--现代
电子资源:
ISBN:
000 00920nam0 2200289 45
001 0179005957
005 20040315163548.2
010    @dCNY1.00
091    @a10019.656
100    @a19950721e19791957em y0chiy0121 ea
101 1  @achi@crus
102    @aCN@b110000
105    @af z 000ay
106    @ar
200 10 @a苦难的历程@Aku nan de li cheng@h第一部@i两姊妹@f(俄)托尔斯泰(А.Н.Толстой)著@g朱雯译
210    @a北京@c人民文学出版社@d1957@h1979重印
215    @a358页@c图@d20cm
300    @a书名原文:Фождение по мукам
510 1  @aФождение по мукам@zrus
606    @a长篇小说-三部曲(作品)@y苏联@z现代
606    @a三部曲(作品)-长篇小说@y苏联@z现代
690    @aI512.45@v3
701  1 @a托尔斯泰@Atuo er si tai@bА.Н.@4著
701 A1 @aТолстой@bА.Н.@4著
702  0 @a朱雯@Azhu wen@4译
801  0 @aCN@bNLC@c20040315
905    @f1@b20667@dI512.4@e72:1
    
    苦难的历程.第一部.两姊妹/(俄)托尔斯泰(А.Н.Толстой)著/朱雯译.-北京:人民文学出版社,1957(1979重印)
    358页:图;20cm
    书名原文:Фождение по мукам
    
    ISBN :CNY1.00
    
●
相关链接 在E读中查询图书 在五车中查询图书 在当当中查询图书 在豆瓣中查询图书


正题名:苦难的历程     索取号:I512.4/72:1         预约/预借

序号 登录号 条形码 馆藏地/架位号 状态 备注
1 0020667   001900946   密集书库/ [索取号:I512.4/72:1] 在馆    
唐山师范学院图书馆 欢迎您!
大连网信软件有限公司© 版权所有